Normal view
MARC view
- Corporate reorganizations
Entry Topical Term
001 - CONTROL NUMBER
- control field: 5195
003 - CONTROL NUMBER IDENTIFIER
- control field: OSt
005 - DATE AND TIME OF LATEST TRANSACTION
- control field: 20170517082327.0
008 - FIXED-LENGTH DATA ELEMENTS
- fixed length control field: 170517|| aca||aabn | a|a d
040 ## - CATALOGING SOURCE
- Original cataloging agency: OSt
- Transcribing agency: OSt
150 ## - HEADING--TOPICAL TERM
- Topical term or geographic name entry element: Corporate reorganizations
670 ## - SOURCE DATA FOUND
- Source citation: Work cat.: (OSt)0: Bennis, Warren 5193, The 21st century organization :, 1995

PORTAL AKMAL
E-MEL JKDM
AKMAL2U
G-BAM
u-PUSTAKA